000 00710nam a2200205 4500
005 20250605155142.0
010 _aENG-145228
020 _a9788196913737
_c280.00
035 _aEN-128760
037 _bDBAD
082 _a371.001
100 _aKabilan, R.
_981740
245 _aBrahman Four Batches Admission In College and Two Batches Admission in Schools Education/
_cR. Kabilan [and] Lalitha Kabilan
250 _a1
260 _aTamil Nadu
_bShanlax Publications
_c2024
270 _a61,66 T.P.K. Main Road Vasantha Nagar.
_bTamil Nadu
_e625003
_mshanlaxpublications.com
300 _a124p.
_c25cm(pb)
700 _aKabilan, Lalitha
_eAuthor
_981739
942 _2ddc
_cEN
_h371.001
_mKAB
999 _c211631
_d211631